| 000 | 00390nam a2200157Ia 4500 | ||
|---|---|---|---|
| 008 | 230312s9999||||xx |||||||||||||| ||und|| | ||
| 020 | _a0-07-136128-6 | ||
| 082 |
_a005.74 _bHUB-D |
||
| 100 | _aJohn R. Hubbard | ||
| 245 | 0 | _aData Structure With Java | |
| 260 |
_bMcGraw Hill _aUSA _c2001 |
||
| 300 | _a368 | ||
| 546 | _aEng. | ||
| 650 |
_aComputer _vPointers, Classes, Tables |
||
| 942 | _cBK | ||
| 999 |
_c3032 _d3032 |
||